| 000 | nam a22 7a 4500 | ||
|---|---|---|---|
| 999 |
_c3420 _d3420 |
||
| 005 | 20170522162614.0 | ||
| 008 | 170522b2011 ohu||||| |||| 00| 0 eng d | ||
| 020 | _a9780538478229 | ||
| 020 | _a0538478225 | ||
| 040 | _aAKMAL | ||
| 082 | _a658.4062 WHI | ||
| 090 |
_a658.4062 _bWHI |
||
| 100 | 1 |
_aWhite, Margaret A _96897 |
|
| 245 | 1 | 4 |
_aThe management of technology and innovation : _ba strategic approach / _cMargaret A. White, Garry D. Bruton. |
| 246 | 1 | 4 | _aManagement of technology & innovation |
| 250 | _a2nd ed. | ||
| 260 |
_aMason, OH : _bSouth-Western Cengage Learning, _c c2011 |
||
| 300 |
_a xxii, 388 p. : _b ill. ; _c24 cm |
||
| 504 | _aIncludes bibliographical references and index. | ||
| 650 | 0 |
_aTechnological innovations _xManagement _96891 |
|
| 650 | 0 |
_aNew products _xManagement _96898 |
|
| 650 | 0 |
_aHigh technology industries _xManagement _96899 |
|
| 700 | 1 |
_aBruton, Garry D. _96900 |
|
| 942 |
_2ddc _cBOOK |
||